| 000 | 00913cab a22002175a 4500 | ||
|---|---|---|---|
| 001 | L153244 | ||
| 008 | 110630e20110625xxk 000 0 eng d | ||
| 035 | _a(Sirsi) u153244 | ||
| 041 | 0 | _aeng | |
| 100 | 1 | _aPilkington, Lisa | |
| 245 | 0 | 0 |
_aFocus _bBirmingham |
| 260 | _c2011 | ||
| 490 |
_aEstates Gazette _v(1125) 25 June 2011, 77-95(15) |
||
| 520 | _aIncludes information on John Lewis's plans to create one of its largest UK stores outside London at Birmingham's redeveloped New Street Station, news about the office sector where morale is high despite there being only one speculative development in the pipeline. Also includes news about the new future role of elected mayor and further focus on the industrial sector. | ||
| 590 | _aKA | ||
| 651 | 4 | _aBirmingham | |
| 690 | _aPROPERTY-COMMERCIAL PROPERTY-COMMERCIAL PROPERTY MARKET | ||
| 700 | 1 | _aQuinn, David | |
| 700 | 1 | _aThame, David | |
| 942 | _n0 | ||
| 999 |
_c83237 _d83237 |
||